Historia de Karen
Saved in:
| Hovedforfatter: | |
|---|---|
| Format: | Bog |
| Sprog: | spansk |
| Udgivet: |
Barcelona
Martínez Roca
1977
|
| Fag: | |
| Tags: |
Tilføj Tag
Ingen Tags, Vær først til at tagge denne postø!
|
MARC
| LEADER | 00000nam a2200000 a 4500 | ||
|---|---|---|---|
| 001 | UCL5150 | ||
| 003 | CL-VaPUC | ||
| 008 | 040305e19770000SP |||||||||||||||||spa|d | ||
| 082 | 0 | 4 | |a Ar863 |b FRE |2 21 |
| 100 | 0 | |a Frers, Ernesto |e author |9 482843 | |
| 245 | 1 | 0 | |a Historia de Karen |
| 300 | |a 247 p | ||
| 942 | |c BK | ||
| 945 | |d 20040305 00:00:00 |a vberengu | ||
| 260 | |a Barcelona |b Martínez Roca |c 1977 | ||
| 600 | 0 | 7 | |a QUINLAN, KAREN ANN 1955-1986 |2 CL-VaPUC |9 482844 |
| 650 | 0 | |a Literatura argentina |9 320596 | |
| 650 | 0 | |a Novelas argentinas |9 267871 | |
| 650 | 0 | |a Bioética |9 256117 | |
| 650 | 0 | |a Eutanasia |9 255102 | |
| 650 | 0 | |a Derecho a la vida |9 337220 | |
| 583 | |a last modification |c 20180312 11:57:38 |k Rodrigo Vera | ||
| 999 | |c 307818 |d 307816 | ||
| 952 | |0 0 |1 0 |4 0 |6 AR_863_000000000000000_FRE_1977 |7 0 |8 A |9 373946 |a BIBTEO |b BIBTEO |d 2019-11-21 |i 2104571 |o Ar863 FRE 1977 |p 2104571 |r 2025-01-17 |w 2019-11-21 |y BK |k ICR | ||
| 952 | |0 0 |1 0 |4 0 |6 AR_863_000000000000000_FRE_1977 |7 0 |8 A |9 373947 |a BIBTEO |b BIBTEO |d 2019-11-21 |i 210458K |o Ar863 FRE 1977 |p 210458K |r 2025-01-17 |w 2019-11-21 |y BK |k ICR | ||
| 952 | |0 0 |1 0 |4 0 |6 AR_863_000000000000000_FRE_1977 |7 0 |8 A |9 373948 |a BIBTEO |b BIBTEO |d 2019-11-21 |i 2104598 |o Ar863 FRE 1977 |p 2104598 |r 2025-01-17 |w 2019-11-21 |y BK |k ICR | ||